Score 0/20 Timer 03:00
9 Plays Today
% Correct
mdrd
97.8%
cpnhgn
97.3%
brssls
97.1%
mstrdm
97%
lndn
96.9%
prs
96%
bdpst
95.8%
wrsw
95.6%
lsbn
95.5%
dbln
94.8%
% Correct
hlsnk
94.7%
thns
89.8%
brn
89.1%
rm
88.5%
mnsk
81.6%
blgrd
81.4%
vnn
81.4%
brtslv
79.8%
vlns
74%
chsn
68.8%

You're not logged in!

Compare scores with friends on all Sporcle quizzes.
OR
Log In

Sporcle TV

Today on Sporcle TV


Watch our educational content, quiz creation guides, and fun videos on Sporcle TV.

Show Comments

Extras

Top Quizzes Today


Score Distribution

Paid Content

Your Account Isn't Verified!

In order to create a playlist on Sporcle, you need to verify the email address you used during registration. Go to your Sporcle Settings to finish the process.

Report this User

Report this user for behavior that violates our Community Guidelines.

Details: